| 000 | 00539nam a22001817a 4500 | ||
|---|---|---|---|
| 005 | 20251108163337.0 | ||
| 008 | 250721s9999 xx 000 0 ara d | ||
| 082 | 1 | 4 | _a211.7/بدي |
| 100 | 1 | _aالنورسي، بديع الزمان سعيد | |
| 245 | 1 | 0 | _aإشارات الإعجاز في مظان الإيجاز / |
| 264 |
_bدار المحراب، _c[19-]. |
||
| 300 | _a279 ص | ||
| 650 | 1 | 7 | _aالقرآن الكريم |
| 650 | 1 | 7 | _aألفاظ القرآن |
| 650 | 1 | 7 | _aأحكام القرآن |
| 942 |
_2ddc _cBK |
||
| 999 |
_c311 _d311 |
||